000 00489cam a2200193ua 4500
001 6889
005 20260515114125.0
008 140304n ii |||gr||||Z||||||eng
040 _cMAIN
082 _a657
245 _aEconomic and commercial geography
_cBy P.C. Bordoloi
250 _a2nd ed.
260 _aGuwahati:
_bBarua agency,
_c1986.
300 _ax,332p.
653 _aCommerce
653 _aEconomic and commercial geography
700 _aBordoloi,P.C.,
_eAuthor.
942 _cBK
999 _c6030
_d6030